00488nam a2200133 a 450000100100000000500170001000800410002704000250006808200150009310000220010824501260013026000630025630000350031900002885320200930055158.0110412s2006 dr ac 000 0 spa d aDO-SdBNPbspacBNPHU axxxxbM8431 aMoreno, Guillermo10aLlamado de Guillermo Moreno y grupo de ciudadanos y ciudadanas :bpongamos la Nación en movimiento /cGuillermo Moreno. aSanto Domingo :bVoluntariado Político Ciudadano,c2006. a26 p. :bil., retrs. ;c19 cm.